Top 5 Least Favorite Pizza Toppings - Statistics

General Stats
  • This quiz has been taken 491 times
  • The average score is 3 of 5
Answer Stats
Rank Pizza Topping % Correct
3# Pineapple
84%
1# Anchovies
67%
5# Olives
62%
2# Mushrooms
57%
4# Onions
52%
No matching quizzes found
Score Distribution
Percent of People with Each Score
Percentile by Number Answered
Your Score History
You have not taken this quiz